Fortnite OG POIs by picture (EXTREME) - Statistics

General Stats
  • This quiz has been taken 123 times
  • The average score is 19 of 42
Answer Stats
Picture Answer % Correct
Lazy Links
66%
Retail Row
66%
Pleasant Park
65%
Dusty Depot
63%
Greasy Grove
61%
Lucky Landing
61%
Fatal Fields
60%
Flush Factory
58%
Loot Lake
58%
Prison
57%
Wailing Woods
57%
Risky Reels
55%
Haunted Hills
52%
Polar Peak
52%
Tilted Towers
52%
Salty Springs
51%
Tomato Town
51%
Snobby Shores
49%
Lazy Lagoon
48%
Moisty Mire
48%
Motel
48%
Happy Hamlet
47%
Lonely Lodge
47%
Neo Tilted
47%
The Block
43%
Frosty Flights
41%
Volcano
41%
Gotham City
40%
Paradise Palms
37%
Shifty Shafts
37%
Viking Village
37%
Anarchy Acres
33%
Mega Mall
31%
Sunny Steps
29%
Pandora
28%
Tilted Town
28%
Pressure Plant
27%
Junk Junction
25%
Moisty Palms
25%
Floating Island
23%
Starry Suburbs
19%
Dusty Divot
17%
No matching quizzes found
Score Distribution
Percent of People with Each Score
Percentile by Number Answered
Your Score History
You have not taken this quiz